NOT FINISH YET - Statistics

General Stats
  • This quiz has been taken 3 times
  • The average score is 120 of 158
Answer Stats
Lyrics % Correct
a
100%
A
100%
and
100%
are
100%
High
100%
High,
100%
I’m
100%
in
100%
is
100%
Monster,
100%
Monster
100%
on
100%
so
100%
the
100%
The
100%
to
100%
you
100%
You
100%
adore
67%
all
67%
All
67%
at
67%
be
67%
because
67%
bit
67%
Boo,
67%
can’t
67%
chic
67%
chills
67%
class
67%
Come
67%
cool
67%
creeps
67%
Creepy,
67%
darkened
67%
dead
67%
dies
67%
different
67%
don’t
67%
down
67%
drippy
67%
Everybody
67%
Ew,
67%
fly,
67%
get
67%
Ghostly
67%
ghoul
67%
give
67%
gives
67%
gonna
67%
gorgeous
67%
Ha,
67%
ha,
67%
hallway
67%
haunt
67%
ignore
67%
it
67%
It’s
67%
just
67%
kids
67%
lesson
67%
Listen
67%
look
67%
maybe
67%
me
67%
Mess
67%
my
67%
Mystery
67%
never
67%
or
67%
party
67%
peeps
67%
place,
67%
red
67%
rule
67%
scary
67%
school
67%
session
67%
shy
67%
sinister
67%
smile
67%
students
67%
style
67%
teaching
67%
They
67%
This
67%
this
67%
(True)
67%
turns
67%
up,
67%
us
67%
Walking
67%
when
67%
When
67%
where
67%
with
67%
(Yeah)
67%
you’re
67%
beasties
33%
But
33%
from
33%
he
33%
night
33%
things
33%
we’re
33%
partu
0%
No matching quizzes found
Score Distribution
Percent of People with Each Score
Percentile by Number Answered
Your Score History
You have not taken this quiz